000 00824cas a22002055 4500
001 E152372
008 110228c2010 xxk r p 0 a0eng u
035 _a(Sirsi) u152372
041 0 _aeng
110 2 _aHome Builders Federation
_94896
245 0 0 _aNew Housing Pipeline
_bQuarterly Report
_h[electronic resource]
362 0 _aDecember 2010-
520 _aDiscusses planning approvals for new residential development. Breaks figures down by region, and contains information going back to 2006.
554 _aFour per year
651 4 _aUnited Kingdom
_y
690 _aPROPERTY-RESIDENTIAL PROPERTY-RESIDENTIAL PROPERTY MARKET
710 2 _aEmap Glenigan
_94719
856 4 0 _uhttps://www.hbf.co.uk/Publications-Reports-Home-Builders-Federation-35461a4
_zView the report free of charge at www.hbf.co.uk
942 _n0
999 _c119298
_d119298